000 00470nam a2200181Ia 4500
001 19149
005 20260306171723.0
008 260306s9999||||xx |||||||||||||| ||und||
041 _aESP
082 _a658.8
_bM25 2009
100 _aMaqueira, Juan Manuel
_eAUT
245 0 _aMarketing 2.0:
_bel nuevo marketing en la web de las redes sociales
260 _c2009
300 _a208 páginas :
_c23 cm.
650 _aGEN
654 _aCAN
942 _cLIB
_dJUS
_fJUS
_2ddc
_n
999 _c19149
_d19149